Statistics for Countries That Produce the Most Spices

Click here to take the quiz!

General Stats

  • This quiz has been taken 13,335 times
    (4,358 since last reset)
  • The average score is 11 of 20

Answer Stats

Metric Tons Country % Correct
1,939,000India
99%
112,363China
97%
73,472Pakistan
88%
110,387Indonesia
87%
180,993Bangladesh
78%
199,018Turkey
69%
6,055Sri Lanka
67%
8,852Myanmar
66%
21,889Nepal
58%
4,000D.R. Congo
56%
5,237Niger
55%
6,603Nigeria
53%
4,260Spain
52%
36,754Ethiopia
50%
5,820Bhutan
47%
23,227Colombia
46%
5,249Syria
35%
4,440Georgia
18%
7,111Hungary
13%
6,279Burkina Faso
11%

Score Distribution

Percentile by Number Answered

Percent of People with Each Score

Your Score History

You have not taken this quiz since the last reset